Seeing with fresh eyes : (Record no. 172015)

MARC details
000 -LEADER
fixed length control field 01055cam a2200301 i 4500
001 - CONTROL NUMBER
control field 1196081120
003 - CONTROL NUMBER IDENTIFIER
control field OSt
005 - DATE AND TIME OF LATEST TRANSACTION
control field 20250616160234.0
008 - FIXED-LENGTH DATA ELEMENTS--GENERAL INFORMATION
fixed length control field 200916t20202020ctua b 001 0 eng c
020 ## - INTERNATIONAL STANDARD BOOK NUMBER
International Standard Book Number 9780961392192 (hardcover)
040 ## - CATALOGING SOURCE
Original cataloging agency LHL
Language of cataloging eng
Description conventions rda
Transcribing agency LHL
Modifying agency NUST
050 #4 - LIBRARY OF CONGRESS CALL NUMBER
Classification number QA76.9.I52 TUF
100 1# - MAIN ENTRY--PERSONAL NAME
Personal name Tufte, Edward R.
Relator term Author
245 10 - TITLE STATEMENT
Title Seeing with fresh eyes :
Remainder of title meaning, space, data, truth /
Statement of responsibility, etc. Edward Tufte.
260 ## - PUBLICATION, DISTRIBUTION, ETC.
Place of publication, distribution, etc. New York :
Name of publisher, distributor, etc. Lorreta Pettway,
Date of publication, distribution, etc. ©2019.
300 ## - PHYSICAL DESCRIPTION
Extent 176 pages :
Other physical details illustrations (chiefly color) ;
Dimensions 28 cm
336 ## - CONTENT TYPE
Content type term text
Content type code txt
Source rdacontent
336 ## - CONTENT TYPE
Content type term still image
Content type code sti
Source rdacontent
337 ## - MEDIA TYPE
Media type term unmediated
Media type code n
Source rdamedia
338 ## - CARRIER TYPE
Carrier type term volume
Carrier type code nc
Source rdacarrier
504 ## - BIBLIOGRAPHY, ETC. NOTE
Bibliography, etc. note Includes bibliographical references and index.
650 #0 - SUBJECT ADDED ENTRY--TOPICAL TERM
Form subdivision Information visualization.
650 #0 - SUBJECT ADDED ENTRY--TOPICAL TERM
Form subdivision Graphic design (Typography).
650 #0 - SUBJECT ADDED ENTRY--TOPICAL TERM
Form subdivision Graphic arts.
650 #0 - SUBJECT ADDED ENTRY--TOPICAL TERM
Form subdivision Communication in learning and scholarship.
650 #0 - SUBJECT ADDED ENTRY--TOPICAL TERM
Form subdivision Visual communication.
942 ## - ADDED ENTRY ELEMENTS (KOHA)
Source of classification or shelving scheme Library of Congress Classification
Koha item type Ordinary Loan Books
Classification part QA76.9.I52 TUF
Call number prefix QA
Call number suffix TUF
Suppress in OPAC No
Holdings
Withdrawn status Lost status Source of classification or shelving scheme Damaged status Not for loan Collection Home library Current library Shelving location Date acquired Source of acquisition Cost, normal purchase price Total Checkouts Full call number Barcode Date last seen Accession number Cost, replacement price Price effective from Koha item type Public note
    LCC     NFIC MAIN MAIN GEN 06/16/2025 Book Aid International 50.00   QA76.9.I52 TUF 92004054153 06/16/2025 61535 50.00 06/16/2025 BOOKS Donation